<?xml version="1.0" encoding="UTF-8"?>
<record
    xmlns:xsi="http://www.w3.org/2001/XMLSchema-instance"
    xsi:schemaLocation="http://www.loc.gov/MARC21/slim http://www.loc.gov/standards/marcxml/schema/MARC21slim.xsd"
    xmlns="http://www.loc.gov/MARC21/slim">

  <leader>01593cam a2200373 i 4500</leader>
  <controlfield tag="001">16421800</controlfield>
  <controlfield tag="003">EG-ScBUE</controlfield>
  <controlfield tag="005">20240526091047.0</controlfield>
  <controlfield tag="008">100818s2011    enka   f b    000 0 eng d</controlfield>
  <datafield tag="020" ind1=" " ind2=" ">
    <subfield code="a">9781412948838</subfield>
  </datafield>
  <datafield tag="035" ind1=" " ind2=" ">
    <subfield code="a">(OCoLC)ocn756900323</subfield>
  </datafield>
  <datafield tag="040" ind1=" " ind2=" ">
    <subfield code="a">NLE</subfield>
    <subfield code="b">eng</subfield>
    <subfield code="e">rda</subfield>
    <subfield code="c">NLE</subfield>
    <subfield code="d">UKMGB</subfield>
    <subfield code="d">N15</subfield>
    <subfield code="d">CUD</subfield>
    <subfield code="d">HNK</subfield>
    <subfield code="d">BTCTA</subfield>
    <subfield code="d">YDXCP</subfield>
    <subfield code="d">OCLCO</subfield>
    <subfield code="d">DLC</subfield>
    <subfield code="d">EG-ScBUE</subfield>
  </datafield>
  <datafield tag="043" ind1=" " ind2=" ">
    <subfield code="a">a-cc---</subfield>
  </datafield>
  <datafield tag="082" ind1="0" ind2="4">
    <subfield code="a">951.05</subfield>
    <subfield code="b">CON</subfield>
    <subfield code="2">22</subfield>
  </datafield>
  <datafield tag="245" ind1="0" ind2="0">
    <subfield code="a">Contemporary China studies :</subfield>
    <subfield code="b">studies-economy and society /</subfield>
    <subfield code="c">edited by Tak-Wing Ngo.</subfield>
  </datafield>
  <datafield tag="246" ind1="3" ind2="0">
    <subfield code="a">Studies-economy and society</subfield>
  </datafield>
  <datafield tag="264" ind1=" " ind2="1">
    <subfield code="a">London :</subfield>
    <subfield code="b">Sage Publications Inc.,</subfield>
    <subfield code="c">2011.</subfield>
  </datafield>
  <datafield tag="300" ind1=" " ind2=" ">
    <subfield code="a">4 volumes :</subfield>
    <subfield code="b">illustrations ;</subfield>
    <subfield code="c">24 cm</subfield>
  </datafield>
  <datafield tag="336" ind1=" " ind2=" ">
    <subfield code="2">rdacontent</subfield>
    <subfield code="a">text</subfield>
    <subfield code="b">txt</subfield>
  </datafield>
  <datafield tag="337" ind1=" " ind2=" ">
    <subfield code="a">unmediated</subfield>
    <subfield code="2">rdamedia</subfield>
    <subfield code="b">n</subfield>
  </datafield>
  <datafield tag="338" ind1=" " ind2=" ">
    <subfield code="a">volume</subfield>
    <subfield code="b">nc</subfield>
    <subfield code="2">rdacarrier</subfield>
  </datafield>
  <datafield tag="504" ind1=" " ind2=" ">
    <subfield code="a">Includes bibliographical references.</subfield>
  </datafield>
  <datafield tag="505" ind1="0" ind2=" ">
    <subfield code="a">Volume 1. Market reform and legacies of the command economy -- Volume 2. Regulation and governance in the hybrid market -- Volume 3. Civil society, citizenship, and popular resistance -- Volume 4. Social cleavages and forms of marginalization.</subfield>
  </datafield>
  <datafield tag="651" ind1=" " ind2="7">
    <subfield code="a">China</subfield>
    <subfield code="x">Economic conditions</subfield>
    <subfield code="y">1949-</subfield>
    <subfield code="2">BUEsh</subfield>
    <subfield code="9">12778</subfield>
  </datafield>
  <datafield tag="651" ind1=" " ind2="7">
    <subfield code="a">China</subfield>
    <subfield code="x">Social conditions</subfield>
    <subfield code="y">1949-</subfield>
    <subfield code="2">BUEsh</subfield>
  </datafield>
  <datafield tag="653" ind1=" " ind2=" ">
    <subfield code="b">GGEN</subfield>
    <subfield code="c">October2016</subfield>
  </datafield>
  <datafield tag="655" ind1=" " ind2=" ">
    <subfield code="v">Reading book</subfield>
  </datafield>
  <datafield tag="700" ind1="1" ind2=" ">
    <subfield code="a">Ngo, Tak-Wing,</subfield>
    <subfield code="d">1962-</subfield>
    <subfield code="e">editor.</subfield>
  </datafield>
  <datafield tag="740" ind1="0" ind2="2">
    <subfield code="a">Market reform and legacies of the command economy.</subfield>
  </datafield>
  <datafield tag="740" ind1="0" ind2="2">
    <subfield code="a">Regulation and governance in the hybrid market.</subfield>
  </datafield>
  <datafield tag="740" ind1="0" ind2="2">
    <subfield code="a">Civil society, citizenship, and popular resistance.</subfield>
  </datafield>
  <datafield tag="740" ind1="0" ind2="2">
    <subfield code="a">Social cleavages and forms of marginalization.</subfield>
  </datafield>
  <datafield tag="942" ind1=" " ind2=" ">
    <subfield code="2">ddc</subfield>
    <subfield code="c">BB</subfield>
  </datafield>
  <datafield tag="999" ind1=" " ind2=" ">
    <subfield code="c">22903</subfield>
    <subfield code="d">22875</subfield>
  </datafield>
  <datafield tag="952" ind1=" " ind2=" ">
    <subfield code="0">0</subfield>
    <subfield code="1">0</subfield>
    <subfield code="2">ddc</subfield>
    <subfield code="4">0</subfield>
    <subfield code="7">0</subfield>
    <subfield code="8">Baccah</subfield>
    <subfield code="a">MAIN</subfield>
    <subfield code="b">MAIN</subfield>
    <subfield code="c">0TH</subfield>
    <subfield code="d">2016-10-30</subfield>
    <subfield code="e">Purchase</subfield>
    <subfield code="g">11900.00</subfield>
    <subfield code="h">3677</subfield>
    <subfield code="l">0</subfield>
    <subfield code="o">951.05 CON</subfield>
    <subfield code="p">000034628</subfield>
    <subfield code="r">2025-07-15 00:00:00</subfield>
    <subfield code="v">14875.00</subfield>
    <subfield code="y">REFERENCE</subfield>
    <subfield code="z">VOL. 1.</subfield>
  </datafield>
  <datafield tag="952" ind1=" " ind2=" ">
    <subfield code="0">0</subfield>
    <subfield code="1">0</subfield>
    <subfield code="2">ddc</subfield>
    <subfield code="4">0</subfield>
    <subfield code="7">0</subfield>
    <subfield code="8">Baccah</subfield>
    <subfield code="a">MAIN</subfield>
    <subfield code="b">MAIN</subfield>
    <subfield code="c">0TH</subfield>
    <subfield code="d">2016-10-30</subfield>
    <subfield code="e">Purchase</subfield>
    <subfield code="g">11900.00</subfield>
    <subfield code="h">3677</subfield>
    <subfield code="l">0</subfield>
    <subfield code="o">951.05 CON</subfield>
    <subfield code="p">000034629</subfield>
    <subfield code="r">2025-07-15 00:00:00</subfield>
    <subfield code="v">14875.00</subfield>
    <subfield code="w">2016-10-30</subfield>
    <subfield code="y">REFERENCE</subfield>
    <subfield code="z">VOL. 2.</subfield>
  </datafield>
  <datafield tag="952" ind1=" " ind2=" ">
    <subfield code="0">0</subfield>
    <subfield code="1">0</subfield>
    <subfield code="2">ddc</subfield>
    <subfield code="4">0</subfield>
    <subfield code="7">0</subfield>
    <subfield code="8">Baccah</subfield>
    <subfield code="a">MAIN</subfield>
    <subfield code="b">MAIN</subfield>
    <subfield code="c">0TH</subfield>
    <subfield code="d">2016-10-30</subfield>
    <subfield code="e">Purchase</subfield>
    <subfield code="g">11900.00</subfield>
    <subfield code="h">3677</subfield>
    <subfield code="l">0</subfield>
    <subfield code="o">951.05 CON</subfield>
    <subfield code="p">000034630</subfield>
    <subfield code="r">2025-07-15 00:00:00</subfield>
    <subfield code="v">14875.00</subfield>
    <subfield code="w">2016-10-30</subfield>
    <subfield code="y">REFERENCE</subfield>
    <subfield code="z">VOL. 3.</subfield>
  </datafield>
  <datafield tag="952" ind1=" " ind2=" ">
    <subfield code="0">0</subfield>
    <subfield code="1">0</subfield>
    <subfield code="2">ddc</subfield>
    <subfield code="4">0</subfield>
    <subfield code="7">0</subfield>
    <subfield code="8">Baccah</subfield>
    <subfield code="a">MAIN</subfield>
    <subfield code="b">MAIN</subfield>
    <subfield code="c">0TH</subfield>
    <subfield code="d">2016-10-30</subfield>
    <subfield code="e">Purchase</subfield>
    <subfield code="g">11900.00</subfield>
    <subfield code="h">3677</subfield>
    <subfield code="l">0</subfield>
    <subfield code="o">951.05 CON</subfield>
    <subfield code="p">000034631</subfield>
    <subfield code="r">2025-07-15 00:00:00</subfield>
    <subfield code="v">14875.00</subfield>
    <subfield code="w">2016-10-30</subfield>
    <subfield code="y">REFERENCE</subfield>
    <subfield code="z">VOL. 4.</subfield>
  </datafield>
</record>
